000 00837nam a2200265Ia 4500
003 OSt
005 20221005085450.0
006 a|||||r|||| 00| 0
007 ta
008 221004b |||||||| |||| 00| 0 eng d
020 _a9780823254606 (pbk)
_cUKP 33.00
024 _a34247
037 _b13216, 11/09/2017, Elite Publishers Distributors
_cTextual
040 _aCRL
_cCRL
_beng
041 _2eng
_aeng
082 _aSM95xM56, Q3
100 _aFletcher John Au.
_9614215
245 0 _aFreud and the scene of trauma
260 _aNew York
_bFordham University Press USA
_c2013
300 _axvi,365p.
_ccm.
650 _a PHILOSOPHERS
650 _aFREUD, SIGMUND
_9405298
942 _hSM95xM56, Q3
_cTEXL
_2cc
999 _c994259
_d994259